Inventeurs Mots en pyramide - Statistiques

Statistiques générales
  • Ce quiz a été pris 102 fois
  • Le résultat moyen est 22 sur 48
Statistiques - réponses
Hint Réponse % Correct
1 Venue au monde NEE
78%
5 Adjectif démonstratif CE
72%
3 Béryllium BE
70%
1 Adverbe EN
65%
3 Qualifie la bouche ouverte BEE
64%
4 Article pluriel LES
62%
4 Malpropre SALE
62%
1 Habite parfois une lampe GENIE
61%
2 Bruit SON
60%
6 Titane TI
60%
1 (s') S'efforce INGENIE
57%
1 Contestée NIEE
57%
5 Commission de Régulation de l'Energie CRE
55%
4 Arbre parfois chagriné SAULE
55%
1 Technicien de haut niveau INGENIEUR
54%
Portrait Tous deux {ingénieur}
54%
Nous sommes les {Frères} {Lumière}
52%
Portrait notamment pour une (...) photographique {plaque}
52%
6 Discipline sportive TIR
52%
2 Notre Seigneur pour certains NS
51%
3 Titre ou diplôme BREVETS
50%
Portrait Nous avons déposé de nombreux {brevets}
50%
4 Sierra Leone ou Sri Lanka SL
50%
6 Célèbre fontaine TREVI
50%
5 Couleur naturelle OCRE
47%
6 Créateurs INVENTEURS
46%
Portrait Mais, on se souvient surtout de nous comme les (...) du cinématographe. {inventeurs}
46%
6 Ensemble de cérémonies RITE
46%
3 Habitant de Belgrade SERBE
46%
3 Ouvrir BEER
42%
5 Partie d'un boulon ECROU
42%
1 Habitant de Niamey NIGERIEN
41%
4 Elles numérotent les voitures PLAQUES
38%
2 Tinte SONNE
38%
3 Mots VERBES
37%
5 Teinte COULEUR
36%
Portrait En 1893, celle-ci est même en {couleur}.
36%
6 Arrivèrent VINRENT
34%
2 Dans le Doubs BESANCON
32%
Portrait nous sommes nés à {Besançon}.
32%
2 Nouveaux NEOS
32%
2 Elles font le bien BONNES
24%
6 Saoulent ENIVRENT
23%
4 Sur les murs ou les cheveux LAQUES
23%
2 Habitués ABONNES
18%
6 A intercédé INTERVENU
12%
5 Recherchée COURUE
10%
1 Du menton GENIEN
3%
Aucun quiz correspondant
Distribution des résultats
% des personnes avec chaque résultat
Percentile par nombre de réponses
Votre historique - résultats
Vous n’avez pas pris ce quiz